000 00394nam a2200145Ia 4500
008 230711s9999||||xx |||||||||||||| ||und||
041 _aENG
082 _a621
_bVL-C
100 _aVlach,Jiri
245 0 _aComputer methods for circuit analysis and design
250 _a1st
260 _c1986
_aNew Delhi
_bCBS Publishers & Distributors Pvt.Ltd
650 _aElectronics Engineering
942 _cBK
999 _c1447
_d1447